[Event "ch-CHN w 2012"]
[Site "Xinghua CHN"]
[Date "2012.03.27"]
[Round "1"]
[White "Guo, Qi"]
[Black "Wang, Yu A."]
[Result "1/2-1/2"]
[WhiteTitle "WGM"]
[BlackTitle "IM"]
[WhiteElo "2351"]
[BlackElo "2372"]
[WhiteFideId "8604002"]
[BlackFideId "8601097"]
[EventDate "2012.03.27"]

1. d4 d5 2. Nf3 Nf6 3. c4 c6 4. Nc3 dxc4 5. a4 e6 6. e3 c5 7. Bxc4 Nc6 8. O-O
cxd4 9. exd4 Be7 10. Bg5 O-O 11. Re1 Nd5 12. Bxd5 Bxg5 13. Be4 Bf6 14. Qd3 g6
15. Rad1 Qb6 16. Bxc6 bxc6 17. Qd2 Bg7 18. Ne5 c5 19. d5 exd5 20. Nxd5 Qb7 21.
Qa5 Be6 22. Nc7 Rac8 23. Nxe6 fxe6 24. Qc3 Qb4 25. Qc2 c4 26. Re4 Qb3 27. Qe2 c3
28. bxc3 Rxc3 29. Nf3 Rc2 30. Qe3 Rc3 31. Qd2 Rc4 32. Rxc4 Qxc4 33. Qd7 e5 34.
Ng5 Qf4 35. Nh3 Qf7 36. Qxf7+ Rxf7 37. Ng5 Re7 38. f3 Bh6 39. Rd8+ Kg7 40. Ne4
Be3+ 41. Kf1 Rb7 42. Ke2 Bg1 43. h4 h6 44. g4 Rb4 45. a5 Rb5 46. a6 Rb6 47. Rd6
Rxd6 48. Nxd6 h5 49. gxh5 gxh5 50. Kd3 Bf2 51. Ke4 Kf6 52. Ne8+ Kf7 53. Nd6+ Ke6
54. Nc4 Bg3 1/2-1/2

[Event "ch-CHN w 2012"]
[Site "Xinghua CHN"]
[Date "2012.03.27"]
[Round "1"]
[White "Gu, Xiaobing"]
[Black "Wang, Doudou"]
[Result "1-0"]
[WhiteTitle "WGM"]
[WhiteElo "2257"]
[BlackElo "2186"]
[WhiteFideId "8602611"]
[BlackFideId "8603197"]
[EventDate "2012.03.27"]

1. e4 e5 2. Nf3 Nc6 3. Bc4 Nf6 4. d3 Bc5 5. c3 d6 6. h3 a6 7. Bb3 Ba7 8. Nbd2
O-O 9. Nf1 Be6 10. Ng3 Qd7 11. Bc2 d5 12. Qe2 b5 13. Ng5 Rad8 14. Nxe6 fxe6 15.
O-O d4 16. a3 Ne7 17. Nh5 Nxh5 18. Qxh5 Ng6 19. Bg5 Rde8 20. Rad1 Qc6 21. Bd2
Rf6 22. Bb3 dxc3 23. Bxc3 Qd6 24. Rd2 Ref8 25. g3 c5 26. Ba5 Rf3 27. Qg4 R8f6
28. Kg2 Rxd3 29. Rxd3 Qxd3 30. Bxe6+ Kf8 31. Rd1 c4 32. Bf5 Qc2 33. Rd8+ Kf7 34.
Rd7+ Ne7 35. Rxa7 g6 36. Bb4 1-0

[Event "ch-CHN w 2012"]
[Site "Xinghua CHN"]
[Date "2012.03.27"]
[Round "1"]
[White "Wang, Jue"]
[Black "Ju, Wenjun"]
[Result "0-1"]
[BlackTitle "WGM"]
[WhiteElo "2366"]
[BlackElo "2557"]
[WhiteFideId "8604070"]
[BlackFideId "8603006"]
[EventDate "2012.03.27"]

1. e4 c5 2. Nf3 d6 3. d4 cxd4 4. Nxd4 Nf6 5. Nc3 a6 6. Bc4 e6 7. Bb3 b5 8. Bg5
Be7 9. Qf3 Qc7 10. e5 Bb7 11. exd6 Bxd6 12. Qe3 O-O 13. O-O-O Be5 14. f4 Bxd4
15. Rxd4 Nbd7 16. Rhd1 Bc6 17. Qg3 a5 18. Rxd7 Nxd7 19. Rxd7 Qxd7 20. Bf6 g6 21.
Qg5 Rfd8 22. Bd5 Qa7 23. b3 Qe3+ 24. Kb2 b4 25. Nd1 Rxd5 26. Qh6 Qd4+ 27. Bxd4
Rxd4 28. Ne3 f5 29. Qh4 Bd5 30. Qe7 Re4 31. Qc5 Kh8 32. g3 Re8 33. Qb5 Rc8 34.
Nxd5 exd5 35. Qxd5 Re2 36. Qd4+ Kg8 37. Qd5+ Kf8 38. Qd6+ Ke8 39. Qd3 Rxh2 40.
Qb5+ Kf8 41. Qd3 Rhxc2+ 42. Qxc2 Rxc2+ 43. Kxc2 Ke7 44. Kd3 Kd6 45. Kd4 h6 46.
Kd3 Kd5 47. Ke3 g5 48. fxg5 hxg5 49. Kd3 f4 50. gxf4 gxf4 0-1

[Event "ch-CHN w 2012"]
[Site "Xinghua CHN"]
[Date "2012.03.27"]
[Round "1"]
[White "Zhang, Xiaowen"]
[Black "Huang, Qian"]
[Result "1/2-1/2"]
[WhiteTitle "WGM"]
[BlackTitle "WGM"]
[WhiteElo "2354"]
[BlackElo "2399"]
[WhiteFideId "8603219"]
[BlackFideId "8602689"]
[EventDate "2012.03.27"]

1. e4 c5 2. Nf3 d6 3. d4 cxd4 4. Nxd4 Nf6 5. Nc3 a6 6. Be2 e5 7. Nb3 Be7 8. O-O
O-O 9. Re1 Be6 10. Bf3 Nbd7 11. a4 Rc8 12. a5 Qc7 13. Nd2 Rfe8 14. Nf1 h6 15. h3
Bf8 16. Ne3 Nb8 17. Ncd5 Bxd5 18. exd5 Nbd7 19. c4 g6 20. b4 Bg7 21. Bb2 Qb8 22.
Be2 Nh7 23. Nf1 f5 24. Nd2 Nhf6 25. Qb3 Kh7 26. Bf1 Qa7 27. Qe3 Qb8 28. Qb3 Qa7
29. Qe3 Qb8 30. Qb3 Qa7 31. Qe3 Qb8 1/2-1/2

[Event "ch-CHN w 2012"]
[Site "Xinghua CHN"]
[Date "2012.03.28"]
[Round "2"]
[White "Wang, Yu A."]
[Black "Nie, Xin"]
[Result "1-0"]
[WhiteTitle "IM"]
[WhiteElo "2372"]
[BlackElo "2053"]
[WhiteFideId "8601097"]
[BlackFideId "8605610"]
[EventDate "2012.03.27"]

1. d4 d5 2. Nc3 Nf6 3. Bg5 c6 4. Qd3 Qb6 5. O-O-O Nbd7 6. Nf3 e6 7. e4 Bb4 8.
exd5 cxd5 9. a3 Bxc3 10. Qxc3 Ne4 11. Qe1 Nxg5 12. Nxg5 Qd6 13. g3 h6 14. Nf3 b6
15. Bd3 Bb7 16. h4 O-O-O 17. Qe2 Kb8 18. Rhe1 Rhe8 19. Ne5 Re7 20. Kb1 Rc8 21.
Qg4 g6 22. Qf4 Nxe5 23. dxe5 Qc5 24. Qxh6 Qxf2 25. Qe3 Qxe3 26. Rxe3 Rc5 27. Rf1
d4 28. Re2 Rd7 29. g4 Rc8 30. h5 gxh5 31. gxh5 Rh8 32. Rh2 Rd5 33. h6 Rxe5 34.
Rxf7 Re1+ 35. Ka2 e5 36. b3 Bd5 37. Rd7 Bc6 38. Rg7 Rh1 39. Rxh1 Bxh1 40. h7 Bd5
41. Bc4 1-0

[Event "ch-CHN w 2012"]
[Site "Xinghua CHN"]
[Date "2012.03.28"]
[Round "2"]
[White "Ding, Yixin"]
[Black "Zhang, Xiaowen"]
[Result "0-1"]
[WhiteTitle "WGM"]
[BlackTitle "WGM"]
[WhiteElo "2350"]
[BlackElo "2354"]
[WhiteFideId "8602972"]
[BlackFideId "8603219"]
[EventDate "2012.03.27"]

1. e4 e6 2. d4 d5 3. Nc3 Nf6 4. Bg5 dxe4 5. Nxe4 Be7 6. Bxf6 gxf6 7. Bc4 a6 8.
Nf3 f5 9. Ng3 c5 10. Bb3 b5 11. c3 Bb7 12. Qe2 c4 13. Bc2 Qd5 14. O-O-O b4 15.
Ne5 bxc3 16. bxc3 Qa5 17. Qxc4 O-O 18. Qd3 Rc8 19. c4 Nc6 20. Nxc6 Bxc6 21. Bb3
Rab8 22. Qd2 Qa3+ 23. Qb2 f4 24. Nh5 Qa5 25. c5 Be4 26. Qd2 Rxc5+ 27. dxc5 Qa3+
28. Qb2 Qxc5+ 29. Kd2 Qxf2+ 0-1

[Event "ch-CHN w 2012"]
[Site "Xinghua CHN"]
[Date "2012.03.28"]
[Round "2"]
[White "Wang, Doudou"]
[Black "Wang, Jue"]
[Result "0-1"]
[WhiteElo "2186"]
[BlackElo "2366"]
[WhiteFideId "8603197"]
[BlackFideId "8604070"]
[EventDate "2012.03.27"]

1. d4 Nf6 2. Nf3 g6 3. Bf4 Bg7 4. e3 d6 5. h3 O-O 6. Be2 c5 7. c3 b6 8. O-O Bb7
9. Nbd2 Nbd7 10. a4 a6 11. Bh2 Rc8 12. Bd3 cxd4 13. exd4 e5 14. Re1 Re8 15. Qc2
exd4 16. Nxd4 Nc5 17. Rxe8+ Nxe8 18. N2f3 Nxd3 19. Qxd3 Qd7 20. Nc2 Qe6 21. Nfd4
Qd5 22. Qf3 Qxf3 23. Nxf3 Bxf3 24. gxf3 a5 25. Ne3 Rc5 26. Rd1 b5 27. axb5 Rxb5
28. Rd2 f5 29. Nc4 d5 30. Ne3 Nf6 31. Be5 Kf7 32. Bxf6 Bxf6 33. Nxd5 Be5 34. Ne3
Ke6 35. Kg2 a4 36. Re2 Kf6 37. Rd2 Ke6 38. Nc4 Bf4 39. Rd4 g5 40. h4 h6 41. hxg5
hxg5 42. Rd1 Rc5 43. Na3 Rd5 44. Rxd5 Kxd5 45. Nc2 Kc4 46. Ne3+ Kb3 47. c4 Bxe3
48. fxe3 Kxc4 49. Kg3 Kd3 50. Kf2 g4 51. e4 fxe4 52. fxg4 Kd2 0-1

[Event "ch-CHN w 2012"]
[Site "Xinghua CHN"]
[Date "2012.03.29"]
[Round "3"]
[White "Gu, Xiaobing"]
[Black "Wang, Yu A."]
[Result "0-1"]
[WhiteTitle "WGM"]
[BlackTitle "IM"]
[WhiteElo "2257"]
[BlackElo "2372"]
[WhiteFideId "8602611"]
[BlackFideId "8601097"]
[EventDate "2012.03.27"]

1. e4 e5 2. Nf3 Nc6 3. Bb5 f5 4. Nc3 fxe4 5. Nxe4 Nf6 6. Nxf6+ Qxf6 7. Qe2 Be7
8. Bxc6 bxc6 9. Nxe5 Qe6 10. d4 O-O 11. Nd3 Qf7 12. O-O d6 13. Be3 Bf6 14. c3 a5
15. Rfe1 Ba6 16. Qc2 Bh4 17. Nf4 Rae8 18. g3 Bg5 19. b3 c5 20. Qd2 Bb7 21. f3
Bxf4 22. gxf4 Qh5 23. Qf2 Rf6 24. h4 Rg6+ 25. Kh2 Bxf3 26. Rg1 Rxe3 27. Rxg6 Re2
28. Qxe2 Qxh4+ 29. Kg1 Bxe2 30. Rg5 Qxf4 31. Rg2 Qe3+ 32. Kh2 Bf3 33. Rg3 Qh6+
34. Rh3 Qd2+ 0-1

[Event "ch-CHN w 2012"]
[Site "Xinghua CHN"]
[Date "2012.03.29"]
[Round "3"]
[White "Wang, Jue"]
[Black "Guo, Qi"]
[Result "0-1"]
[BlackTitle "WGM"]
[WhiteElo "2366"]
[BlackElo "2351"]
[WhiteFideId "8604070"]
[BlackFideId "8604002"]
[EventDate "2012.03.27"]

1. e4 e6 2. d4 d5 3. Nc3 Nf6 4. e5 Nfd7 5. Nce2 c5 6. c3 Nc6 7. Nf3 Qa5 8. Bd2
Qb6 9. Rb1 cxd4 10. cxd4 f6 11. exf6 Nxf6 12. g3 e5 13. b4 Bf5 14. Rb3 e4 15.
Nh4 Bd7 16. a3 Rc8 17. Bg5 Be7 18. h3 O-O 19. Be3 Nd8 20. Nc3 a5 21. bxa5 Qxa5
22. Bd2 e3 23. fxe3 Qc7 24. Rg1 Bd6 25. Ke2 Ne4 26. Nxe4 dxe4 27. Qb1 Ba4 28.
Rc3 Qf7 29. Qxe4 Rxc3 30. Bxc3 Qf2+ 0-1

[Event "ch-CHN w 2012"]
[Site "Xinghua CHN"]
[Date "2012.03.29"]
[Round "3"]
[White "Wang, Xiaohui"]
[Black "Wang, Doudou"]
[Result "1/2-1/2"]
[WhiteTitle "WIM"]
[WhiteElo "2209"]
[BlackElo "2186"]
[WhiteFideId "8603073"]
[BlackFideId "8603197"]
[EventDate "2012.03.27"]

1. d4 Nf6 2. c4 g6 3. Nc3 Bg7 4. e4 d6 5. Be2 O-O 6. Bg5 h6 7. Be3 e5 8. d5 a5
9. h3 Na6 10. Qd2 Nc5 11. Bf3 Kh7 12. Nge2 Nfxe4 13. Nxe4 Nxe4 14. Bxe4 f5 15.
Bd3 f4 16. Bxf4 exf4 17. Nxf4 Qe7+ 18. Qe3 Qxe3+ 19. fxe3 Bxb2 20. Nxg6 Bxa1 21.
Nxf8+ Kg7 22. Ke2 Bf6 23. Ng6 Bd7 24. Rf1 Be8 25. Nf4 Bf7 26. Bf5 b6 27. Rf3 Be5
28. Nd3 Bc3 29. Nf4 Be5 30. Be6 Be8 31. Nd3 Bc3 32. Rg3+ Kf6 33. Rf3+ Kg7 34.
Rg3+ Kf6 35. Nf2 Bh5+ 36. Bg4 Bg6 37. Rf3+ Ke7 38. Bf5 Bh5 39. g4 Bf7 40. Ne4
Be5 41. g5 Bh5 42. Bg4 Bg6 43. Kd3 hxg5 44. Bf5 Rf8 45. Bg4 Rb8 46. Bf5 Rf8 47.
Bg4 Rb8 1/2-1/2

[Event "ch-CHN w 2012"]
[Site "Xinghua CHN"]
[Date "2012.03.29"]
[Round "3"]
[White "Zhang, Xiaowen"]
[Black "Ju, Wenjun"]
[Result "1/2-1/2"]
[WhiteTitle "WGM"]
[BlackTitle "WGM"]
[WhiteElo "2354"]
[BlackElo "2557"]
[WhiteFideId "8603219"]
[BlackFideId "8603006"]
[EventDate "2012.03.27"]

1. e4 c5 2. Nf3 d6 3. d4 cxd4 4. Nxd4 Nf6 5. Nc3 a6 6. a4 e5 7. Nde2 Be7 8. g3
Nbd7 9. Bg2 b6 10. h3 h5 11. O-O O-O 12. Bg5 Bb7 13. Qd2 b5 14. axb5 axb5 15.
Nxb5 Nxe4 16. Bxe7 Nxd2 17. Bxd8 Nxf1 18. Rxa8 Bxa8 19. Be7 Bxg2 20. Bxf8 Bxh3
21. Bxd6 Nd2 22. f4 e4 23. Kf2 Nf6 24. Bc5 Ng4+ 25. Ke1 Nf3+ 26. Kd1 f6 27. Nbc3
e3 28. Nd5 Nf2+ 29. Kc1 Bf1 30. Bxe3 Bxe2 31. Bxf2 Kf7 32. b3 g5 33. fxg5 fxg5
34. c4 h4 35. gxh4 gxh4 36. Nf4 Bf1 37. Kd1 h3 38. Bg3 h2 39. Bxh2 Nxh2 40. Ke1 1/2-1/2

[Event "ch-CHN w 2012"]
[Site "Xinghua CHN"]
[Date "2012.03.29"]
[Round "3"]
[White "Tan, Zhongyi"]
[Black "Ding, Yixin"]
[Result "1/2-1/2"]
[WhiteTitle "WGM"]
[BlackTitle "WGM"]
[WhiteElo "2438"]
[BlackElo "2350"]
[WhiteFideId "8603642"]
[BlackFideId "8602972"]
[EventDate "2012.03.27"]

1. c4 Nf6 2. Nc3 g6 3. e4 c5 4. Nf3 Nc6 5. d4 cxd4 6. Nxd4 Nxd4 7. Qxd4 d6 8.
Be3 Bg7 9. f3 O-O 10. Qd2 a5 11. Rd1 Be6 12. b3 Nd7 13. Be2 Nc5 14. O-O Qb6 15.
Nb5 Bd7 16. Nxd6 exd6 17. Qxd6 Qxd6 18. Rxd6 Nxe4 19. Rxd7 Nc3 20. Re1 Rfe8 21.
Bf1 Nxa2 22. Bf2 Rxe1 23. Bxe1 b6 24. Bd3 Bf8 25. Be4 Re8 26. Bf2 Bc5 27. Bxc5
bxc5 28. Bd5 Kh8 29. Ra7 Nc1 30. Rxa5 Nxb3 31. Rb5 Nc1 32. Bxf7 Re2 33. Kf1 Re3
34. Rxc5 Kg7 35. Rc7 Nd3 36. Bd5+ Kf6 37. Rf7+ Kg5 38. h4+ Kxh4 39. Rxh7+ Kg5
40. Kg1 Nf4 41. Rf7 Re1+ 42. Kf2 Re2+ 43. Kf1 Rc2 44. g3 Nh5 45. g4 Nf4 46. Re7
Nxd5 47. cxd5 Rd2 48. Rd7 Kf4 49. Ke1 Rd3 50. Ke2 Re3+ 51. Kd2 Re5 52. Rf7+ Kg3
53. Kd3 Rxd5+ 54. Ke4 Rd8 55. g5 Re8+ 56. Kd4 Kh4 57. f4 Kg4 58. Kd5 Kh5 59. Rf6
Ra8 60. Ke6 Ra6+ 61. Kf7 Ra7+ 62. Kg8 Ra8+ 63. Kg7 Ra7+ 64. Rf7 Ra6 65. Re7 Ra4
66. Rf7 Ra6 67. Kh7 Rb6 68. Re7 Ra6 69. Re8 Ra7+ 70. Kg8 Kg4 71. Rf8 Kh5 72. Rf7
Ra8+ 73. Kg7 Ra6 74. Kh7 Rb6 75. Re7 Ra6 76. Re4 Ra7+ 77. Kg8 Kg4 78. Kf8 Kf5
79. Re7 Ra8+ 80. Kg7 Kxf4 81. Kxg6 1/2-1/2

[Event "ch-CHN w 2012"]
[Site "Xinghua CHN"]
[Date "2012.03.29"]
[Round "3"]
[White "Nie, Xin"]
[Black "Huang, Qian"]
[Result "0-1"]
[BlackTitle "WGM"]
[WhiteElo "2053"]
[BlackElo "2399"]
[WhiteFideId "8605610"]
[BlackFideId "8602689"]
[EventDate "2012.03.27"]

1. d4 d6 2. c4 e5 3. Nf3 Nc6 4. d5 Nce7 5. e4 Nf6 6. Nc3 g6 7. Be2 Bg7 8. O-O
O-O 9. Ne1 Nd7 10. f3 f5 11. exf5 Nxf5 12. Ne4 b6 13. Nc2 a5 14. Bd2 Nc5 15. Qc1
Bd7 16. Bg5 Qe8 17. Nxc5 bxc5 18. Bd3 Qf7 19. Be4 a4 20. Qe1 Nd4 21. Nxd4 exd4
22. Qd2 Bf5 23. Bxf5 Qxf5 24. Rae1 Rfe8 25. g4 Qd7 26. Rb1 c6 27. dxc6 Qxc6 28.
h4 d5 29. Qc2 Kh8 30. Rbc1 Qd6 31. Qd2 Rf8 32. Kg2 Rab8 33. Rfe1 Rb7 34. b3 dxc4
35. Rxc4 axb3 36. axb3 Rxb3 37. Be7 Qd5 38. Bxf8 Qxf3+ 39. Kg1 Qg3+ 40. Kh1
Qxh4+ 0-1

[Event "ch-CHN w 2012"]
[Site "Xinghua CHN"]
[Date "2012.03.30"]
[Round "4"]
[White "Ding, Yixin"]
[Black "Nie, Xin"]
[Result "1-0"]
[WhiteTitle "WGM"]
[WhiteElo "2350"]
[BlackElo "2053"]
[WhiteFideId "8602972"]
[BlackFideId "8605610"]
[EventDate "2012.03.27"]

1. e4 e5 2. Nf3 Nc6 3. Bc4 Nf6 4. Ng5 d5 5. exd5 Na5 6. Bb5+ c6 7. dxc6 bxc6 8.
Bd3 h6 9. Ne4 Nd5 10. O-O Nf4 11. Be2 f5 12. Ng3 Bd6 13. b4 Bxb4 14. Bb2 O-O 15.
Bxe5 Nxg2 16. Bxg7 Kxg7 17. Kxg2 f4 18. Ne4 Qh4 19. Kh1 Bf5 20. Nbc3 Kh8 21. f3
Rg8 22. Rg1 Bh3 23. Qe1 Qxe1 24. Raxe1 Be7 25. Nf2 Bd7 26. Nd3 Bh4 27. Rc1 Raf8
28. Ne4 Bf5 29. Nd6 Be7 30. Rxg8+ Kxg8 31. Rg1+ Kh8 32. Nxf5 Rxf5 33. Rg4 Bd6
34. Rg6 Bf8 35. Nf2 Re5 36. Bd3 Bg7 37. Rd6 Kg8 38. Rd7 h5 39. Rxa7 h4 40. Kg2
Rg5+ 41. Ng4 Bd4 42. Rd7 c5 43. Be4 Kf8 44. d3 Bg7 45. Kh3 Rh5 46. c4 Bc3 47.
Bd5 1-0

[Event "ch-CHN w 2012"]
[Site "Xinghua CHN"]
[Date "2012.03.30"]
[Round "4"]
[White "Wang, Doudou"]
[Black "Zhang, Xiaowen"]
[Result "0-1"]
[BlackTitle "WGM"]
[WhiteElo "2186"]
[BlackElo "2354"]
[WhiteFideId "8603197"]
[BlackFideId "8603219"]
[EventDate "2012.03.27"]

1. d4 Nf6 2. Nf3 g6 3. Bf4 Bg7 4. e3 d6 5. Be2 O-O 6. h3 Nfd7 7. e4 c5 8. c3 Qb6
9. Qd2 Nf6 10. Bd3 cxd4 11. cxd4 Nc6 12. Be3 Nb4 13. Nc3 Nxd3+ 14. Qxd3 Qxb2 15.
O-O Qa3 16. Rfb1 d5 17. Bc1 dxe4 18. Bxa3 exd3 19. Bxe7 Re8 20. Bxf6 Bxf6 21.
Nd5 Bd8 22. Nf4 d2 23. Nxd2 Bg5 24. g3 Bxf4 25. gxf4 Bxh3 26. Rxb7 Re2 27. Nf3
Be6 28. Ng5 Bxa2 29. Rc1 h6 30. Kf1 Ree8 31. Nh3 Be6 32. Ng1 a5 33. Rb5 a4 34.
d5 Bf5 35. Kg2 a3 36. Ra1 a2 37. Kg3 Ra3+ 38. Kg2 Rd8 39. Kh2 Be4 0-1

[Event "ch-CHN w 2012"]
[Site "Xinghua CHN"]
[Date "2012.03.30"]
[Round "4"]
[White "Guo, Qi"]
[Black "Wang, Xiaohui"]
[Result "1-0"]
[WhiteTitle "WGM"]
[BlackTitle "WIM"]
[WhiteElo "2351"]
[BlackElo "2209"]
[WhiteFideId "8604002"]
[BlackFideId "8603073"]
[EventDate "2012.03.27"]

1. d4 d5 2. Nf3 e6 3. c4 c6 4. Nc3 Nf6 5. Bg5 Nbd7 6. cxd5 cxd5 7. e3 Be7 8. Bd3
O-O 9. O-O a6 10. Rc1 b5 11. Ne5 Nxe5 12. dxe5 Nd7 13. Bf4 Bb7 14. Bb1 Re8 15.
Qh5 g6 16. Qg4 Bf8 17. Bg3 Qb6 18. Ne2 Bg7 19. Qd4 Rac8 20. b3 a5 21. Qxb6 Nxb6
22. Nd4 b4 23. Bd3 Red8 24. f4 Bf8 25. Bh4 Rxc1 26. Bxd8 Rc3 27. Rd1 Nd7 28.
Bxa5 Nc5 29. Bb1 Ne4 30. Bxe4 dxe4 31. Kf2 Bc5 32. Rd2 Bxd4 33. Rxd4 Rc2+ 34.
Kg3 Bd5 35. Rxb4 f6 36. exf6 Rxa2 37. Rb8+ Kf7 38. Bc3 Ra3 39. Rh8 Rxb3 40.
Rxh7+ Kf8 41. Bd4 Rb7 42. Rh8+ Kf7 43. Kh4 Bc6 44. Be5 Rd7 45. Kg5 Rb7 46. Rh7+ 1-0

[Event "ch-CHN w 2012"]
[Site "Xinghua CHN"]
[Date "2012.03.30"]
[Round "4"]
[White "Gu, Xiaobing"]
[Black "Wang, Jue"]
[Result "0-1"]
[WhiteTitle "WGM"]
[WhiteElo "2257"]
[BlackElo "2366"]
[WhiteFideId "8602611"]
[BlackFideId "8604070"]
[EventDate "2012.03.27"]

1. e4 c5 2. Nf3 d6 3. d4 cxd4 4. Qxd4 Nc6 5. Bb5 Bd7 6. Bxc6 Bxc6 7. Nc3 e5 8.
Qd3 h6 9. O-O Nf6 10. Re1 Be7 11. Nd2 O-O 12. Nf1 Qa5 13. Bd2 Qa6 14. Qf3 Kh7
15. Ne3 g6 16. Rad1 b5 17. Nf5 gxf5 18. Qxf5+ Kh8 19. Bxh6 Qc8 20. Bxf8 Qxf5 21.
exf5 Bxf8 22. Re3 b4 23. Ne2 Be7 24. f4 Nd5 25. Red3 Nxf4 26. Nxf4 exf4 27. f6
Bd8 28. Rxd6 Bb6+ 29. Kh1 Rc8 30. Rf1 Be3 31. c4 bxc3 32. bxc3 Be4 33. Rd7 Rg8
34. Rg1 f3 0-1

[Event "ch-CHN w 2012"]
[Site "Xinghua CHN"]
[Date "2012.03.31"]
[Round "5"]
[White "Wang, Jue"]
[Black "Wang, Yu A."]
[Result "1-0"]
[BlackTitle "IM"]
[WhiteElo "2366"]
[BlackElo "2372"]
[WhiteFideId "8604070"]
[BlackFideId "8601097"]
[EventDate "2012.03.27"]

1. e4 e5 2. Nf3 Nc6 3. Bc4 Nf6 4. d3 Be7 5. O-O O-O 6. Bb3 d6 7. c3 Na5 8. Bc2
c5 9. Nbd2 Nc6 10. Re1 Re8 11. Nf1 h6 12. h3 Bf8 13. Ng3 d5 14. exd5 Qxd5 15.
Bb3 Qd6 16. Nh4 Be6 17. Nhf5 Qd7 18. Bxe6 Rxe6 19. Qf3 Rd8 20. Ne4 Nxe4 21. dxe4
Ree8 22. Be3 Qe6 23. Rad1 b6 24. Rd5 Ne7 25. Nxe7+ Qxe7 26. c4 Rxd5 27. exd5 e4
28. Qf4 Qd6 29. Qg4 g6 30. Bf4 Qf6 31. b3 h5 32. Qd7 Re7 33. Qd6 Qxd6 34. Bxd6
Re8 35. Bxf8 Kxf8 36. h4 f5 37. f3 exf3 38. Rxe8+ Kxe8 39. g3 Ke7 40. Kf2 Kd6
41. Kxf3 Ke5 42. a4 a6 43. Ke3 b5 44. Kf3 bxc4 45. bxc4 a5 46. Ke3 1-0

[Event "ch-CHN w 2012"]
[Site "Xinghua CHN"]
[Date "2012.03.31"]
[Round "5"]
[White "Wang, Xiaohui"]
[Black "Gu, Xiaobing"]
[Result "0-1"]
[WhiteTitle "WIM"]
[BlackTitle "WGM"]
[WhiteElo "2209"]
[BlackElo "2257"]
[WhiteFideId "8603073"]
[BlackFideId "8602611"]
[EventDate "2012.03.27"]

1. d4 Nf6 2. c4 g6 3. Nc3 Bg7 4. e4 d6 5. Be2 O-O 6. Bg5 h6 7. Be3 Nbd7 8. Qd2
Kh7 9. f3 c6 10. Nh3 a6 11. a4 e5 12. Nf2 exd4 13. Bxd4 Nc5 14. Bd1 Qb6 15. O-O
Be6 16. Ne2 a5 17. Qc3 Ne8 18. Nf4 Bxd4 19. Qxd4 Nxa4 20. Nxe6 fxe6 21. c5 Nxc5
22. b4 Nd7 23. Qd2 a4 24. Bxa4 Ne5 25. Kh1 Qc7 26. Qc3 Qg7 27. b5 Qf6 28. Qc1 c5
29. b6 Ng7 30. Bb5 Rxa1 31. Qxa1 Nh5 32. Qd1 Qd8 33. Nd3 Nxd3 34. Bxd3 Nf4 35.
Bc2 e5 36. Bb3 Qxb6 37. g3 Ne2 38. Bc4 Nd4 39. f4 Qd8 40. Qb1 Qd7 41. fxe5 Rxf1+
42. Qxf1 dxe5 43. Qf8 Ne6 44. Bxe6 Qxe6 45. Qxc5 Qf7 46. Kg1 Qg7 47. Kf2 h5 48.
Ke3 Kh6 49. Qd6 Qh8 50. Kd3 Qe8 51. Ke3 b5 52. Kd3 Kg5 53. Ke3 h4 54. gxh4+ Kxh4
55. Qf6+ Kh5 56. h4 Kh6 57. Qg5+ Kh7 58. Qf6 b4 59. Kd3 Qb5+ 60. Kc2 Qc4+ 61.
Kb2 Qc3+ 62. Kb1 Qb3+ 63. Kc1 Qe3+ 64. Kb2 Qd2+ 65. Kb1 b3 66. Qf7+ Kh6 67. Qxb3
Qe1+ 68. Kb2 Qxe4 69. Qe6 Kh5 70. Qf6 Qf5 71. Qh8+ Kg4 72. Kc1 Qf1+ 73. Kd2 Qf2+
74. Kd1 Qf3+ 75. Ke1 Qh1+ 76. Ke2 Qh2+ 77. Kd1 Qh1+ 78. Ke2 Qf3+ 79. Ke1 Qf5 80.
Qd8 e4 81. Qe7 Kf3 82. Qb7 Qf4 83. Qb2 Qxh4+ 0-1

[Event "ch-CHN w 2012"]
[Site "Xinghua CHN"]
[Date "2012.03.31"]
[Round "5"]
[White "Zhang, Xiaowen"]
[Black "Guo, Qi"]
[Result "1/2-1/2"]
[WhiteTitle "WGM"]
[BlackTitle "WGM"]
[WhiteElo "2354"]
[BlackElo "2351"]
[WhiteFideId "8603219"]
[BlackFideId "8604002"]
[EventDate "2012.03.27"]

1. e4 c6 2. Nc3 d5 3. Nf3 a6 4. d4 Bg4 5. h3 Bh5 6. Bd3 e6 7. O-O Nf6 8. Be3 Be7
9. Re1 O-O 10. e5 Nfd7 11. g4 Bg6 12. Bxg6 hxg6 13. Ne2 c5 14. c3 Nc6 15. Kg2
cxd4 16. cxd4 Qb6 17. Nf4 Rfc8 18. Re2 Na5 19. h4 Nc4 20. Rb1 Nxe3+ 21. fxe3 Nf8
22. g5 Rc6 23. Rf2 Rac8 24. Ne1 Qd8 25. Qf3 f5 26. exf6 gxf6 27. gxf6 Bxf6 28.
Qg4 e5 29. Nxg6 Nxg6 30. Qxg6+ Bg7 31. Qf7+ Kh8 32. Nf3 Qe8 33. Ng5 exd4 34.
Qxd5 dxe3 35. Nf7+ Kh7 1/2-1/2

[Event "ch-CHN w 2012"]
[Site "Xinghua CHN"]
[Date "2012.03.31"]
[Round "5"]
[White "Tan, Zhongyi"]
[Black "Wang, Doudou"]
[Result "1/2-1/2"]
[WhiteTitle "WGM"]
[WhiteElo "2438"]
[BlackElo "2186"]
[WhiteFideId "8603642"]
[BlackFideId "8603197"]
[EventDate "2012.03.27"]

1. d4 Nf6 2. c4 g6 3. Nc3 Bg7 4. e4 d6 5. Bg5 O-O 6. Qd2 c5 7. d5 e6 8. Bd3 exd5
9. cxd5 a6 10. a4 Re8 11. Nge2 Nbd7 12. O-O Rb8 13. f4 c4 14. Bc2 Qb6+ 15. Kh1
Ng4 16. Nd1 Nc5 17. a5 Qc7 18. Ndc3 b5 19. axb6 Rxb6 20. Rab1 f5 21. h3 Nf6 22.
exf5 Bxf5 23. Bxf5 gxf5 24. Bxf6 Bxf6 25. Ng3 Qd7 26. Nh5 Qf7 27. Nxf6+ Qxf6 28.
Rfe1 Rbb8 29. Rxe8+ Rxe8 30. Re1 Rxe1+ 31. Qxe1 Kf8 32. Qe3 Kf7 33. Kh2 Kf8 1/2-1/2

[Event "ch-CHN w 2012"]
[Site "Xinghua CHN"]
[Date "2012.03.31"]
[Round "5"]
[White "Nie, Xin"]
[Black "Ju, Wenjun"]
[Result "1/2-1/2"]
[BlackTitle "WGM"]
[WhiteElo "2053"]
[BlackElo "2557"]
[WhiteFideId "8605610"]
[BlackFideId "8603006"]
[EventDate "2012.03.27"]

1. d4 g6 2. c4 Bg7 3. Nc3 d6 4. e4 Nf6 5. f3 O-O 6. Nge2 e5 7. Bg5 exd4 8. Nxd4
Nc6 9. Nxc6 bxc6 10. Qd2 Be6 11. Be2 Qb8 12. Na4 d5 13. exd5 cxd5 14. Nc5 Qb6
15. Nxe6 Qxe6 16. O-O dxc4 17. Rac1 c3 18. Rxc3 Rad8 19. Qc2 Qxa2 20. Rxc7 Rb8
21. Rb1 Nd5 22. Bc4 Bd4+ 23. Kh1 Qxb1+ 24. Qxb1 Nxc7 25. b3 Rfe8 26. h3 Ne6 27.
Qe4 Bf2 28. Bf6 Bg3 29. Qg4 Bd6 30. Qh4 Bf8 31. Qe4 Bg7 32. Bxg7 Nxg7 33. Qd5
Re7 34. Qd6 Rbe8 35. Kh2 Nf5 36. Qc5 Rd8 37. Qb4 Rd1 38. g4 Nd6 39. Kg3 Re8 40.
Qa4 Re7 41. Qb4 Re8 42. Qa4 Re3 43. Qxa7 Nxc4 44. bxc4 Rdd3 45. Qa8+ Kg7 46. g5
Rc3 47. Qd5 Rcd3 48. Qc6 Re6 49. Qc7 Rd4 50. c5 Rc4 51. h4 Re1 52. Qd6 Rec1 1/2-1/2